| 000 | 00610nam a22002297a 4500 | ||
|---|---|---|---|
| 003 | UA-OsUOA | ||
| 001 | 47322 | ||
| 007 | ta | ||
| 008 | 20070716b un ||||| |||| 00| 0 ukr d | ||
| 100 | _aМорозов А.И. | ||
| 090 |
_a75.03 _bМ80 |
||
| 942 | _cBK | ||
| 040 |
_aUA-OsUOA _brus _cUA-OsUOA _dUA-OsUOA |
||
| 245 |
_aСоветская живопись 70-х _bнекоторые нрани развития |
||
| 300 | _a56 с. | ||
| 955 | _a2 | ||
| 041 | _arus | ||
| 080 | _a75.03 | ||
| 260 |
_aМ. _bЗнание _c1979 |
||
| 650 | 7 |
_a75.03 Історія живопису _2UDC |
|
| 999 |
_c333420 _d333420 |
||